Μια εισαγωγή στις διαφορικές εξισώσεις
Αποθηκεύτηκε σε:
| Κύριος συγγραφέας: | |
|---|---|
| Μορφή: | Βιβλίο |
| Γλώσσα: | Greek |
| Δημοσίευση: |
Ιωάννινα :
[Πανεπιστήμιο Ιωαννίνων],
1990
|
| Θέματα: | |
| Ετικέτες: |
Προσθήκη ετικέτας
Δεν υπάρχουν, Καταχωρήστε ετικέτα πρώτοι!
|
MARC
| LEADER | 00000nam a2200000 i 4500 | ||
|---|---|---|---|
| 001 | 1/53425 | ||
| 008 | 941103s1990 gre d | ||
| 035 | |a 1994 |c ΔΩΡΕΑ |l 10044704 | ||
| 040 | |a GR-MY-UA |b gre |e aacr | ||
| 041 | 0 | |a gre | |
| 082 | 0 | |a 515.35 | |
| 100 | 1 | |a Φίλος, Χρίστος Γ. | |
| 245 | 1 | 0 | |a Μια εισαγωγή στις διαφορικές εξισώσεις / |c Χρίστος Γ. Φίλος |
| 260 | |a Ιωάννινα : |b [Πανεπιστήμιο Ιωαννίνων], |c 1990 | ||
| 300 | |a 586 σ.; |c 25 εκ. | ||
| 650 | 0 | 0 | |a Fourier transformations. |
| 650 | 0 | 0 | |a Fourier transformations |x Problems, exercises, etc. |
| 650 | 0 | 0 | |a Laplace transformation. |
| 650 | 0 | 0 | |a Laplace transformation |x Problems, Exercises, etc. |
| 650 | 0 | 0 | |a Differential equations. |
| 650 | 0 | 0 | |a Differential equations |x Problems, exercises, etc. |
| 650 | 0 | 0 | |a Differential equations, Partial. |
| 650 | 0 | 0 | |a Differential equations, partial |x Problems, exercises, etc. |
| 650 | 0 | 0 | |a Differential equations, Linear. |
| 650 | 0 | 0 | |a Differential equations, Linear |x Problems, exercises, etc. |
| 852 | |a INST |b SAMOS |e 19941103 |h 515.35 ΦΙΛ |p 005300004070 |q 005300004070 |t BK |y 0 | ||
| 909 | |a Σ |b 027875 | ||